<?xml version="1.0" encoding="UTF-8"?>
<collection xmlns="http://www.loc.gov/MARC21/slim">
  <record>
    <leader>00000nam  2200000   4500</leader>
    <controlfield tag="001">INLIS000000000018494</controlfield>
    <controlfield tag="005">20241119021212</controlfield>
    <datafield tag="035" ind1="#" ind2="#">
      <subfield code="a">0010-1124000160</subfield>
    </datafield>
    <controlfield tag="007">ta</controlfield>
    <controlfield tag="008">241119###########################0######</controlfield>
    <datafield tag="245" ind1="#" ind2="#">
      <subfield code="a">SINGKAT PADAT KARYA-ONE :</subfield>
      <subfield code="b">Optimalisasi Perangkat Pembelajaran E-Modul Mata Kuliah Praktek Kerja Kayu 1 /</subfield>
      <subfield code="c">Adriana Karundeng, S.Pd., M.T</subfield>
    </datafield>
    <datafield tag="260" ind1="#" ind2="#">
      <subfield code="a">Makassar :</subfield>
      <subfield code="b">Puslatbang KMP LAN RI,</subfield>
      <subfield code="c">2024</subfield>
    </datafield>
    <datafield tag="300" ind1="#" ind2="#">
      <subfield code="a">36 ;</subfield>
      <subfield code="c">30</subfield>
    </datafield>
    <datafield tag="650" ind1="#" ind2="4">
      <subfield code="a">Modul yang disusun secara singkat dan jelas serta terupdate</subfield>
    </datafield>
    <datafield tag="700" ind1=" " ind2="#">
      <subfield code="a">Seska Nicolaas, S.T., M.T (Mentor)</subfield>
    </datafield>
    <datafield tag="700" ind1=" " ind2="#">
      <subfield code="a">Wahyuni Fajaruddin, S.H., M.H (Coach)</subfield>
    </datafield>
    <datafield tag="520" ind1="#" ind2="#">
      <subfield code="a">Laporan ini adalah hasil serangkaian Aktualisasi Latsar CPNS 2024 dimana laporan ini membahas ide gagasan kreatif yang muncul dengan judul "SINGKAT PADAT KARYA-ONE" ("Optimalisasi Perangkat Pembelajaran E- Modul Mata Kuliah Praktek Kerja Kayu 1"), dimana arti lain dari Judul yang diangkat adalah agar isi modul yang hanya terdiri dari beberapa halaman yang disusun singkat pada namun jelas dan terupdate dapat mengantarkan mahasiswa untuk dapat menhasilkan karya-karya yang luarbiasa saat proses pembelajaran bahkan dapat muncul menjadi tenaga yang siap pakai serta menjadi nomor satu dibidangnya.</subfield>
    </datafield>
    <datafield tag="856" ind1="#" ind2="#">
      <subfield code="a">Puslatbang KMP LAN</subfield>
    </datafield>
  </record>
</collection>
